Democracia y lucha de clases en la antigüedad
Guardat en:
| Autor principal: | |
|---|---|
| Format: | Llibre |
| Idioma: | espanyol |
| Publicat: |
Barcelona
El Viejo Topo
2006
|
| Matèries: | |
| Etiquetes: |
Afegir etiqueta
Sense etiquetes, Sigues el primer a etiquetar aquest registre!
|
MARC
| LEADER | 00000nam a2200000 a 4500 | ||
|---|---|---|---|
| 001 | UCI0245 | ||
| 003 | CL-VaPUC | ||
| 008 | 070427e20060000SP |||||||||||||||||spa|d | ||
| 020 | |a 8496356728 | ||
| 082 | 0 | 4 | |a 938 |b ROS |2 21 |
| 100 | 0 | |a Rosenberg, Arthur |e author |9 520379 | |
| 245 | 1 | 0 | |a Democracia y lucha de clases en la antigüedad |
| 300 | |a 155 p | ||
| 942 | |c BK | ||
| 945 | |d 20070427 00:00:00 |a jtorresc | ||
| 260 | |a Barcelona |b El Viejo Topo |c 2006 | ||
| 650 | 7 | |a HSTORIA DE ATENAS |2 CL-VaPUC |9 520380 | |
| 650 | 0 | |a Democracia |9 255256 | |
| 650 | 7 | |a CONSTITUCION DE ATENAS |2 CL-VaPUC |9 387640 | |
| 650 | 0 | |a Política |9 255312 | |
| 583 | |a last modification |c 20130320 01:22:01 |k Rodrigo Vera | ||
| 999 | |c 325482 |d 325480 | ||
| 952 | |0 0 |1 0 |4 0 |6 938_000000000000000_ROS_2006 |7 0 |8 A |9 406442 |a BIBHIS |b BIBHIS |d 2019-11-22 |i 4331168 |l 3 |o 938 ROS 2006 |p 4331168 |r 2025-01-20 |s 2024-05-28 |w 2019-11-22 |y BK |k HIS | ||
| 952 | |0 0 |1 0 |4 0 |6 938_000000000000000_ROS_2006 |7 0 |8 A |9 406443 |a BIBHIS |b BIBHIS |d 2019-11-22 |i 4485890 |l 4 |o 938 ROS 2006 |p 4485890 |r 2025-01-20 |s 2023-05-19 |w 2019-11-22 |y BK |k HIS | ||